<?xml version="1.0" encoding="UTF-8"?>
<record
    xmlns:xsi="http://www.w3.org/2001/XMLSchema-instance"
    xsi:schemaLocation="http://www.loc.gov/MARC21/slim http://www.loc.gov/standards/marcxml/schema/MARC21slim.xsd"
    xmlns="http://www.loc.gov/MARC21/slim">

  <leader>00699nam a22001577a 4500</leader>
  <controlfield tag="003">OSt</controlfield>
  <controlfield tag="005">20160518104703.0</controlfield>
  <controlfield tag="008">160518b        xxu||||| |||| 00| 0 eng d</controlfield>
  <datafield tag="040" ind1=" " ind2=" ">
    <subfield code="c">RUA</subfield>
  </datafield>
  <datafield tag="082" ind1=" " ind2=" ">
    <subfield code="a">HEN 2007 B470 Or.1</subfield>
  </datafield>
  <datafield tag="100" ind1=" " ind2=" ">
    <subfield code="9">8381</subfield>
    <subfield code="a">HENG SEYHA; &#x17A0;&#x17C1;&#x1784; &#x179F;&#x17B8;&#x17A0;&#x17B6;</subfield>
  </datafield>
  <datafield tag="245" ind1=" " ind2=" ">
    <subfield code="a">Effect of different fertilizer on rice yield of ir66 variety in mokkampoul district, kandal province; &#x17A5;&#x1791;&#x17D2;&#x1792;&#x17B7;&#x1796;&#x179B;&#x1787;&#x17B8;&#x1795;&#x17D2;&#x179F;&#x17C1;&#x1784;&#x1782;&#x17D2;&#x1793;&#x17B6;&#x1791;&#x17C5;&#x179B;&#x17BE;&#x1791;&#x17B7;&#x17D2;&#x1793;&#x1795;&#x179B;&#x1796;&#x17BC;&#x1787;&#x179F;&#x17D2;&#x179A;&#x17BB;&#x179C; &#x17A2;&#x17CA;&#x17B8;&#x17A2;&#x17CA;&#x17C2; &#x17E6;&#x17E6;&#x200B; &#x1793;&#x17C5;&#x179F;&#x17D2;&#x179A;&#x17BB;&#x1780;&#x1798;&#x17BB;&#x1781;&#x1780;&#x17C6;&#x1796;&#x17BC;&#x179B; &#x1781;&#x17C1;&#x178F;&#x17D2;&#x178F;&#x1780;&#x178E;&#x17D2;&#x178A;&#x17B6;&#x179B;</subfield>
  </datafield>
  <datafield tag="260" ind1=" " ind2=" ">
    <subfield code="a">Phnom Penh</subfield>
    <subfield code="b">RUA</subfield>
    <subfield code="c">2007</subfield>
  </datafield>
  <datafield tag="300" ind1=" " ind2=" ">
    <subfield code="a">xv;54p.</subfield>
    <subfield code="b">ill.</subfield>
    <subfield code="c">29cm.</subfield>
  </datafield>
  <datafield tag="942" ind1=" " ind2=" ">
    <subfield code="2">ddc</subfield>
    <subfield code="c">AGR</subfield>
  </datafield>
  <datafield tag="999" ind1=" " ind2=" ">
    <subfield code="c">8028</subfield>
    <subfield code="d">8028</subfield>
  </datafield>
  <datafield tag="952" ind1=" " ind2=" ">
    <subfield code="0">0</subfield>
    <subfield code="1">0</subfield>
    <subfield code="2">ddc</subfield>
    <subfield code="4">0</subfield>
    <subfield code="6">HEN_2007_000000000000000_B470_OR_1</subfield>
    <subfield code="7">0</subfield>
    <subfield code="9">45674</subfield>
    <subfield code="a">LBB</subfield>
    <subfield code="b">LBB</subfield>
    <subfield code="c">B470</subfield>
    <subfield code="d">2016-05-18</subfield>
    <subfield code="o">HEN 2007 B470 Or.1</subfield>
    <subfield code="p">RUA057514</subfield>
    <subfield code="r">2016-05-18</subfield>
    <subfield code="w">2016-05-18</subfield>
    <subfield code="y">AGR</subfield>
  </datafield>
  <datafield tag="952" ind1=" " ind2=" ">
    <subfield code="0">0</subfield>
    <subfield code="1">0</subfield>
    <subfield code="2">ddc</subfield>
    <subfield code="4">0</subfield>
    <subfield code="6">AGR_HEN_2007_000000000000000_B1_214_OR_1</subfield>
    <subfield code="7">0</subfield>
    <subfield code="9">77822</subfield>
    <subfield code="a">LBB</subfield>
    <subfield code="b">LBB</subfield>
    <subfield code="c">B1.214</subfield>
    <subfield code="d">2019-01-22</subfield>
    <subfield code="o">AGR HEN 2007 B1.214 Or.1</subfield>
    <subfield code="p">A41371</subfield>
    <subfield code="r">2019-01-22</subfield>
    <subfield code="w">2019-01-22</subfield>
    <subfield code="y">AGR</subfield>
  </datafield>
</record>
